000 02408nam a2200265Ia 4500
001 526
008 230305s2008 xx 000 0 und d
020 _a9782251443485
040 _ctbs
041 _aeng
041 _afre
043 _aen_UK
050 _aQ375
_bT35314 .2011
100 _aTaleb, Nassim Nicholas
_d1960-
_93448
_eauthor
240 _aBlack swan.
_lFrench.
245 0 _aLe cigne noir
_b: la puissance de l'imprévisible
_c/ Nassim Nicholas Taleb ; translated by Christine Rimoldy.
260 _aParis :
_bLes Belles Lettres,
_c2008
300 _a496 pages ; 24 cm
520 _aQuel est le point commun entre l''invention de la roue, Pompéi, le krach boursier de 1987, Harry Potter et Internet ? Pourquoi ne devrait-on jamais lire un journal ni courir pour attraper un train ? Que peuvent nous apprendre les amants de Catherine de Russie sur les probabilités ? Pourquoi les prévisionnistes sont-ils pratiquement tous des arnaqueurs ? Ce livre révèle tout des Cygnes Noirs, ces événements aléatoires, hautement improbables, qui jalonnent notre vie : ils ont un impact énorme, sont presque impossibles à prévoir, et pourtant, a posteriori, nous essayons toujours de leur trouver une explication rationnelle. Dans cet ouvrage éclairant, plein d’esprit et d’impertinence, Taleb nous exhorte à ne pas tenir compte des propos des « experts », et nous montre comment cesser de tout prévoir ou comment tirer parti de l’incertitude.
520 _aWhat do the invention of the wheel, Pompeii, the 1987 stock market crash, Harry Potter, and the Internet have in common? Why should we never read a newspaper or run to catch a train? What can Catherine the Great’s lovers teach us about probability? Why are most forecasters practically frauds? This book reveals everything about Black Swans—those random, highly improbable events that punctuate our lives: they have enormous impact, are nearly impossible to predict, and yet afterward we always try to give them a rational explanation. In this sharp, witty, and unapologetically bold work, Taleb urges us to ignore so-called “experts” and shows us how to stop trying to predict everything—or even better, how to benefit from uncertainty.
650 0 _aForecasting
_91665
650 0 _aUncertainty (Information theory)
_xSocial aspects
_93446
700 _aRimoldy, Christine
_etranslator
_926522
942 _2lcc
999 _c534
_d534